Normal view
MARC view
- Nebbia Diesing, Angel
Entry Nombre Personal
001 - NUMERO DE CONTROL
- campo de control: 43788
003 - IDENTIFICADOR DE NUMERO DE CONTROL
- campo de control: DLC
005 - FECHA Y HORA DE LA ÜLTIMA TRANSACCIÓN
- campo de control: 20220328084926.0
008 - DATOS DE LONGITUD FIJA
- campo de control de longitud fija: 220328n| acannaabn |a aaa c
010 ## - NÚMERO DE CONTROL DE LA BIBLIOTECA DEL CONGRESO
- Número de control LC: nr 98011833
035 ## - NUMERO DE CONTROL
- Número de control: (OCoLC)oca04696678
040 ## - FUENTE DE CATALOGACIÓN
- Agencia original de catalogación: CSt
- Lenguaje de catalogación: spa
- Agencia de transcripción: CSt
- Agencia que lo modifica: OCoLC
- Agencia que lo modifica: MX-MxUPN
100 1# - ENCABEZAMIENTO - NOMBRE PERSONAL
- Nombre personal: Nebbia Diesing, Angel
400 1# - VEÁSE - NOMBRE DE PERSONA
- Personal name: Diesing, Angel Nebbia
400 1# - VEÁSE - NOMBRE DE PERSONA
- Personal name: Nebbia, Angel Federico
400 1# - VEÁSE - NOMBRE DE PERSONA
- Personal name: Nebbia, Angel
670 ## - FUENTE EN LA QUE SE LOCALIZARON DATOS
- Cita de la fuente: El ethos en el mundo secular, c1991:
- Información localizada: portada (Angel Nebbia Diesing) página 147 (Angel Federico Nebbia, Licenciatura de Sociología de la Universidad Autónoma Metropolitana , Unidad Iztapalapa; Doctorado en Sociología, The Ohio State University, Columbus, Ohio, USA)
670 ## - FUENTE EN LA QUE SE LOCALIZARON DATOS
- Cita de la fuente: En la obra: Experiencias en grupos, 1994:
- Información localizada: reverso de la portada (Angel Nebbia)
